Elenco comuni italiani -Lettere H, I, J - Statistics

Statistiche generali
  • Questo quiz è stato fatto 28 volte
  • Il punteggio medio è 15 su 84
Statistiche sulle risposte
Comune Provincia Regione % Corretto
Imperia (capoluogo di provincia) Liguria 41941
95%
Isernia (capoluogo di provincia) Molise 20971
95%
Imola Bologna Emilia-Romagna 69855
90%
Isso Bergamo Lombardia 637
86%
Jesi Ancona Marche 39440
81%
Iglesias Sulcis Iglesiente Sardegna 25493
71%
Jesolo Venezia Veneto 26511
71%
Ischia Napoli Campania 19602
52%
Iseo Brescia Lombardia 8994
48%
Isola del Liri Frosinone Lazio 10945
38%
Ivrea Torino Piemonte 22839
38%
Inveruno Milano Lombardia 8525
33%
Inzago Milano Lombardia 11255
33%
Itri Latina Lazio 10344
33%
Imer Trento Trentino-Alto Adige 1177
29%
Hône Aosta Valle d'Aosta 1164
24%
Idro Brescia Lombardia 1878
24%
Isola del Giglio Grosseto Toscana 1345
24%
Isola di Capo Rizzuto Crotone Calabria 16962
24%
Ispica Ragusa Sicilia 16127
24%
Impruneta Firenze Toscana 14497
19%
Isolabella Torino Piemonte 371
19%
Isola della Scala Verona Veneto 11762
19%
Illasi Verona Veneto 5213
14%
Irma Brescia Lombardia 132
14%
Ischitella Foggia Puglia 4236
14%
Isera Trento Trentino-Alto Adige 2754
14%
Isola delle Femmine Palermo Sicilia 7026
14%
Isola Rizza Verona Veneto 3244
14%
Issogne Aosta Valle d'Aosta 1347
14%
Jenne Roma Lazio 355
14%
Imbersago Lecco Lombardia 2486
10%
Incudine Brescia Lombardia 346
10%
Introd Aosta Valle d'Aosta 646
10%
Inverigo Como Lombardia 9169
10%
Irsina Matera Basilicata 4459
10%
Isca sullo Ionio Catanzaro Calabria 1487
10%
Ischia di Castro Viterbo Lazio 2205
10%
Isola d'Asti Asti Piemonte 1995
10%
Isola del Cantone Genova Liguria 1426
10%
Isola Vicentina Vicenza Veneto 10288
10%
Isole Tremiti Foggia Puglia 451
10%
Isorella Brescia Lombardia 4075
10%
Issime Aosta Valle d'Aosta 393
10%
Istrana Treviso Veneto 9181
10%
Itala Messina Sicilia 1472
10%
Jolanda di Savoia Ferrara Emilia-Romagna 2686
10%
Jovençan Aosta Valle d'Aosta 701
10%
Igliano Cuneo Piemonte 64
5%
Ilbono Nuoro Sardegna 2014
5%
Illorai Sassari Sardegna 776
5%
Inarzo Varese Lombardia 1062
5%
Incisa Scapaccino Asti Piemonte 2054
5%
Induno Olona Varese Lombardia 10303
5%
Ingria Torino Piemonte 45
5%
Intragna Verbano-Cusio-Ossola Piemonte 108
5%
Introbio Lecco Lombardia 1931
5%
Introdacqua L'Aquila Abruzzo 1981
5%
Inverno e Monteleone Pavia Lombardia 1460
5%
Inverso Pinasca Torino Piemonte 689
5%
Invorio Novara Piemonte 4297
5%
Ionadi Vibo Valentia Calabria 4406
5%
Irgoli Nuoro Sardegna 2239
5%
Isasca Cuneo Piemonte 75
5%
Isili Cagliari Sardegna 2551
5%
Isnello Palermo Sicilia 1368
5%
Isola del Piano Pesaro e Urbino Marche 556
5%
Isola Dovarese Cremona Lombardia 1099
5%
Ispani Salerno Campania 1000
5%
Ispra Varese Lombardia 5208
5%
Jacurso Catanzaro Calabria 570
5%
Jelsi Campobasso Molise 1678
5%
Jerago con Orago Varese Lombardia 5241
5%
Jerzu Ogliastra Sardegna 3069
5%
Joppolo Vibo Valentia Calabria 1685
5%
Joppolo Giancaxio Agrigento Sicilia 1102
5%
Isolabona Imperia Liguria 685
0%
Isola del Gran Sasso d'Italia Teramo Abruzzo 4465
0%
Isola di Fondra Bergamo Lombardia 166
0%
Isola Sant'Antonio Alessandria Piemonte 651
0%
Issiglio Torino Piemonte 409
0%
Ittireddu Sassari Sardegna 482
0%
Ittiri Sassari Sardegna 8188
0%
Izano Cremona Lombardia 1948
0%
Nessun quiz corrispondente trovato
Distribuzione punteggi
Percentuale di utenti per punteggio
Percentile per numero di risposta
I tuoi punteggi nel tempo
Non hai fatto questo quiz